000 00434nam a2200181Ia 4500
001 18070
005 20260306171603.0
008 260306s9999||||xx |||||||||||||| ||und||
041 _aESP
082 _a658.4
_bP23 2010
100 _aPancorvo Corcuera, Jorge
_eAUT
245 0 _aOrganizaciones de servicios
260 _c2010
300 _a364 páginas :
_c24 cm.
650 _aGEN
654 _aCAN
942 _cLIB
_dJUS
_fJUS
_2ddc
_n
999 _c18070
_d18070